Guess Most Viewed K-Pop Songs (Girls) - Statistics

General Stats
  • This quiz has been taken 38 times
  • The average score is 53 of 151
Answer Stats
Song % Correct
APT.
91%
I
86%
Kill This Love
86%
FLOWER
82%
Shut Down
82%
BOOMBAYAH
77%
I AM
77%
LALISA
77%
Pink Venom
77%
What is Love?
77%
DDU-DU DDU-DU
73%
How You Like That
73%
like JENNIE
73%
Queencard
73%
SOLO
73%
PLAYING WITH FIRE
68%
WHISTLE
68%
HIP
64%
Ice Cream
64%
Black Mamba
59%
Crazy
59%
CRAZY
59%
FANCY
59%
Lovesick Girls
59%
OMG
59%
On The Ground
59%
ROCKSTAR
59%
SHEESH
59%
The Feels
59%
TT
59%
AS IF IT'S YOUR LAST
55%
CHEER UP
55%
Cupid
55%
I AM THE BEST
55%
Magnetic
55%
POP!
55%
POP/STARS
55%
Supernova
55%
Alcohol-Free
50%
BATTER UP
50%
FEARLESS
50%
Gee
50%
JUMP
50%
Like OOH-AHH
50%
LIKEY
50%
LOVE DIVE
50%
MORE
50%
MORE & MORE
50%
Nxde
50%
Psycho
50%
STAY
50%
After LIKE
45%
ANTIFRAGILE
45%
Bad Boy
45%
Dance The Night Away
45%
ELEVEN
45%
Heart Shaker
45%
I CAN'T STOP ME
45%
Next Level
45%
Russian Roulette
45%
SIGNAL
45%
TOMBOY
45%
WANNABE
45%
Whiplash
45%
YES or YES
45%
Drama
41%
DUN DUN
41%
Feel Special
41%
Hype Boy
41%
ICY
41%
KNOCK KNOCK
41%
Oh!
41%
Super Shy
41%
BBoom BBoom
36%
DRIP
36%
FOREVER
36%
Gone
36%
LATATA
36%
Mantra
36%
Savage
36%
Super Lady
36%
Armageddon
32%
DALLA DALLA
32%
Girls
32%
LION
32%
Not Shy
32%
Oh my god
32%
DUMB DUMB
27%
Dumb Dumb
27%
HWAA
27%
LOCO
27%
Maria
27%
Peek-A-Boo
27%
Red Flavor
27%
SNEAKERS
27%
ZOOM
27%
Ice Cream Cake
23%
MOONLIGHT SUNRISE
23%
Spicy
23%
Talk that Talk
23%
The Boys
23%
Cheshire
18%
HANN
18%
Ready For Love
18%
SCIENTIST
18%
WA DA DA
18%
BAAM
14%
Bon Bon Chocolat
14%
BORN AGAIN
14%
HOT SAUCE
14%
Kitsch
14%
Adios
9%
After School
9%
Bubble Pop!
9%
Cookie
9%
Eve, Psyche & The Bluebeard's Wife
9%
I GOT A BOY
9%
In The Morning
9%
LA DI DA
9%
La Vie en Rose
9%
Monster
9%
NEW WOMAN
9%
NUNU NANA
9%
Smart
9%
Touch my body
9%
WE GO UP
9%
Candy Pop
5%
Celebrity
5%
DICE
5%
Egotistic
5%
eight
5%
Electric Shock
5%
Gashina
5%
Lil' Touch
5%
number one girl
5%
ONLY
5%
Perfect Night
5%
Power Up
5%
Queendom
5%
UP & DOWN
5%
BBIBBI
0%
Breakthrough
0%
BREATHE
0%
I will show you
0%
Lion Heart
0%
Ma Boy
0%
NOBODY
0%
Palette
0%
Run Devil Run
0%
STEP
0%
UNGORGIVEN
0%
No matching quizzes found
Score Distribution
Percent of People with Each Score
Percentile by Number Answered
Your Score History
You have not taken this quiz